Statistics for Montreal Canadiens Roster 2024

Click here to take the quiz!

General Stats

  • This quiz has been taken 3,466 times
    (62 since last reset)
  • The average score is 22 of 26

Answer Stats

Pos, #BirthplacePlayer% Correct
F, 22Wisconsin, USACole Caufield
100%
F, 14Ontario, CANNick Suzuki
100%
D, 58Quebec, CANDavid Savard
94%
F, 17Ontario, CANJosh Anderson
94%
F, 20Košice, SVKJuraj Slafkovský
94%
D, 8Quebec, CANMike Matheson
94%
D, 72Ontario, CANArber Xhekaj
91%
F, 11Alberta, CANBrendan Gallagher
91%
D, 21Alberta, CANKaiden Guhle
91%
G, 35Quebec, CANSam Montembeault
91%
G, 30Michigan, USACayden Primeau
89%
F, 89Quebec, CANJoshua Roy
89%
F, 49Quebec, CANRafaël Harvey-Pinard
89%
F, 15Newfoundland and Labrador, CANAlex Newhook
86%
F, 71Ontario, CANJake Evans
86%
F, 40Satakunta, FINJoel Armia
86%
F, 77Alberta, CANKirby Dach
83%
F, 55Ontario, CANMichael Pezzetta
83%
D, 47Rhode Island, USAJayden Struble
77%
F, 56Arizona, USAJesse Ylönen
77%
D, 26Ontario, CANJohnathan Kovacevic
77%
F, 70Ontario, CANTanner Pearson
77%
D, 54Massachusetts, USAJordan Harris
74%
F, 28Illinois, USAChristian Dvorak
71%
F, 36Massachusetts, USAColin White
66%
D, 6Missouri, USAChris Wideman
51%

Score Distribution

Percentile by Number Answered

Percent of People with Each Score

Your Score History

You have not taken this quiz since the last reset